| 000 | 00730pam a2200253 a 4500 | ||
|---|---|---|---|
| 008 | |||
| 020 | _a0750636580 (pbk.) | ||
| 049 | 0 | _aMAIN | |
| 090 | 0 | _aTD365 | |
| 100 | 1 | _aTebbutt, T. H. Y. | |
| 245 | 1 | 0 |
_aPrinciples of water quality control / _cT.H.Y. Tebbutt. |
| 250 | _a5th ed. | ||
| 260 |
_aOxford : _bButterWorth-Heinemann, _c1998. |
||
| 300 |
_aviii, 280 p. : _bill. ; _c24 cm. |
||
| 500 | _aIncludes index. | ||
| 504 | _aIncludes bibliographical references. | ||
| 650 | 0 | _aWater quality management. | |
| 650 | 0 |
_aWater _xPurification. |
|
| 907 |
_a.b10227295 _b26-01-07 _c26-01-07 |
||
| 003 | |||
| 005 | 20230123134342.0 | ||
| 040 | _cNUST | ||
| 942 |
_cBOOKS _kTD365 |
||
| 999 |
_c164420 _d164420 |
||